Detalles MARC
| 000 -CABECERA |
| campo de control de longitud fija |
02969nam a22002777i 4500 |
| 003 - IDENTIFICADOR DEL NÚMERO DE CONTROL |
| campo de control |
DO-SdBNP |
| 005 - FECHA Y HORA DE LA ÚLTIMA TRANSACCIÓN |
| campo de control |
20240411121557.0 |
| 007 - CAMPO FIJO DE DESCRIPCIÓN FÍSICA--INFORMACIÓN GENERAL |
| campo de control de longitud fija |
ta |
| 008 - DATOS DE LONGITUD FIJA--INFORMACIÓN GENERAL |
| campo de control de longitud fija |
240411b2023 pr ||||| |||| 00| p spa d |
| 020 ## - NÚMERO INTERNACIONAL ESTÁNDAR DEL LIBRO |
| Número Internacional Estándar del Libro |
9789945637274 |
| 040 ## - FUENTE DE LA CATALOGACIÓN |
| Centro catalogador/agencia de origen |
DO-SdBNP |
| Lengua de catalogación |
spa |
| Centro/agencia transcriptor |
BNPHU |
| Normas de descripción |
rda |
| 082 #4 - NÚMERO DE LA CLASIFICACIÓN DECIMAL DEWEY |
| Número de edición |
22 |
| 100 1# - ENTRADA PRINCIPAL--NOMBRE DE PERSONA |
| Nombre de persona |
Rivera Rodríguez, Luis Alberto, |
| Fechas asociadas al nombre |
1958- |
| 9 (RLIN) |
85188 |
| 245 10 - MENCIÓN DE TÍTULO |
| Título |
Conversación con los muertos / |
| Mención de responsabilidad, etc. |
Rivera Rodríguez, Luis Alberto. |
| 264 ## - PRODUCCIÓN, PUBLICACIÓN, DISTRIBUCIÓN, FABRICACIÓN Y COPYRIGHT |
| Producción, publicación, distribución, fabricación y copyright |
San Juan Puerto Rico : |
| Nombre del de productor, editor, distribuidor, fabricante |
Editorial Isla Negra, |
| Fecha de producción, publicación, distribución, fabricación o copyright |
2023 |
| 300 ## - DESCRIPCIÓN FÍSICA |
| Extensión |
137 páginas ; |
| Dimensiones |
23 cm. |
| 336 ## - TIPO DE CONTENIDO |
| Fuente |
rdacontent |
| Término de tipo de contenido |
texto |
| Código de tipo de contenido |
txt |
| 337 ## - TIPO DE MEDIO |
| Fuente |
rdamedia |
| Nombre/término del tipo de medio |
sin mediación |
| Código del tipo de medio |
n |
| 338 ## - TIPO DE SOPORTE |
| Fuente |
rdacarrier |
| Nombre/término del tipo de soporte |
volumen |
| Código del tipo de soporte |
nc |
| 490 0# - MENCIÓN DE SERIE |
| Mención de serie |
Colección Filo de Juego |
| 500 ## - NOTA GENERAL |
| Nota general |
Incluye datos biográficos del autor en la solapa de la cubierta. |
| 505 0# - NOTA DE CONTENIDO CON FORMATO |
| Nota de contenido con formato |
I. Introducción<br/>¿De qué miseria estoy deshecho? -- <br/>Conversación con el alma --<br/>Conversación con el espíritu --<br/>Conversación con la carne --<br/>Conversación con el otro --<br/>Por el prestigio de tu nombre --<br/>II. Conversación con los muertos --<br/>Al Maestro Homero Aulet --<br/>En Cangá con Luis Palés Matos --<br/>Conversación con Luis Palés Matos --<br/>Conversación con Nicanor Parra --<br/>Yo he vencido: Martin Luther King --<br/>Conversación con Juan Ramón Jiménez --<br/>Se muere la rosa... Almudena Grandes --<br/>A Manuel de la Puebla, estrella de cinco picos --<br/>A propósito de los muertos, Cervantes --<br/>Angela María Dávila --<br/>Julia de Burgos --<br/>Yo también soy así, Corretjer --<br/>No moriré como tú, Vallejo --<br/>Mis ojos son como un Son, Vallejo --<br/>Hablar contigo, Sabines --<br/>Pablo Neruda --<br/>Conversación con Canales, la plaza y yo --<br/>...y un Benedetti de aliado, dispongo --<br/>León Felipe, el cáliz --<br/>Antes Borges, ¡por quién doblan las campanas! --<br/>Octavio Paz --<br/>Federico García Lorca --<br/>Canto con Alejandra Pizarnik --<br/>Poema por la muerte de Rosario Ferré --<br/>"Me llamo barro, aunque Miguel me llame"--<br/>Conversación con los muertos de los Ochenta--<br/>Conversación con Ángel Luis Torres --<br/><br/><br/><br/> |
| 505 0# - NOTA DE CONTENIDO CON FORMATO |
| Nota de contenido con formato |
II. Conversación con un muerto en vida --<br/>IV. Conversación con la otra muerte --<br/>Nostalgia --<br/>Ahora es mi turno, Dios --<br/>Poema para mi muerte en vano --<br/>Conversación con lo que ha sido yo --<br/>Elegía por la vida de un amigo --<br/>Hoy vuelvan todos --<br/>Erizando los pensamientos --<br/>Nosotros los necesarios --<br/>La simplicidad de los Simples --<br/>Un gran amor --<br/>Después de todo, Dios --<br/>Detrás de cada presagio --<br/>Poema de la pandemia que no fue una guerra --<br/>Llegada la muerte.. --<br/>Todavía.. --<br/>El día de los muertos --<br/>Memorias de papel --<br/>Mi corazonada tuvo un corazón --<br/>Eco de las voces, septiembre 11 --<br/>Para el descanso eterno --<br/>La nostalgia, escritura que sueña --<br/>Por antonomasia --<br/>Como la imagen en el espejo --<br/>La soledad y sus atisbos --<br/>V. Posdata --<br/>Posdata sin data --<br/>Ya pronto... pronto ya -- <br/>En Jayuya, Puerto Rico --<br/> |
| 590 ## - NOTA LOCAL (RLIN) |
| Nota local |
Inventariado, 2024 /LP |
| 942 ## - ELEMENTOS DE PUNTO DE ACCESO ADICIONAL (KOHA) |
| Fuente del sistema de clasificación o colocación |
Dewey Decimal Classification |
| Tipo de ítem Koha |
Libro |